Příslib nové revoluce ve výzkumu trhu

Neuromarketing v realite marketingového výskumu. Meranie mozgových vĺn a iných biometrických parametrov v medicínskom výskume a jeho presadzovanie v marketingu. Neuronálne metódy NeuroTrace a BioNavigator, ktoré dokážu zmerať skutočnú reakciu mozgu na podnety - na reklamu. Dodávatelia nástroja sú pr...

Celý popis

Uložené v:
Podrobná bibliografia
Hlavný autor: Bartošová, Veronika
Médium: Kapitola
Jazyk:Czech
Predmet:
Tagy: Pridať tag
Žiadne tagy, Buďte prvý, kto otaguje tento záznam!

MARC

LEADER 00000naa a2200000 4500
001 0124181
005 20231019095033.3
041 0 |a cze 
044 |a CZ 
245 1 0 |a Příslib nové revoluce ve výzkumu trhu  |c Veronika Bartošová 
520 |a Neuromarketing v realite marketingového výskumu. Meranie mozgových vĺn a iných biometrických parametrov v medicínskom výskume a jeho presadzovanie v marketingu. Neuronálne metódy NeuroTrace a BioNavigator, ktoré dokážu zmerať skutočnú reakciu mozgu na podnety - na reklamu. Dodávatelia nástroja sú presvedčení, že je to plnohodnotný a samostatný výskumný nástroj, ktorý môže nahradiť tradičné kvalitatívne výskumné postupy. 
610 2 0 |a marketing 
610 2 0 |a výskum marketingový 
610 2 0 |a zákazníci 
610 2 0 |a reklama 
610 2 0 |a emócie 
100 1 |a Bartošová, Veronika